000 01260nam a22002897a 4500
003 0
005 20251020145751.0
008 251020b xxu||||| |||| 00| 0 eng d
020 _a978-1-250-10861-6
050 _aHD 9696.8.U64
_b.G35 2018
100 _aGallagher, Billy,
_eauthor.
245 _aHow to turn down a billion dollars :
_bthe Snapchat story /
_cBilly Gallagher.
260 _aNew York :
_bSt. Martin’s Press,
_c2018.
300 _a287 pages ;
_c25 cm.
500 _a"An insider’s look at the rise of Snapchat, chronicling its founding, explosive growth, and the culture of Silicon Valley entrepreneurship."
504 _aIncludes bibliographical references and index.
520 _aChronicles the creation and rapid rise of Snapchat by Evan Spiegel and his team, exploring startup culture, innovation, and business rivalry in Silicon Valley.
600 _aSpiegel, Evan,
_d1990-
610 _aSnap Inc.
650 _aInternet industry
_zUnited States
_xHistory.
650 _aNew business enterprises
_zUnited States.
650 _aEntrepreneurship
_zUnited States.
650 _aSuccess in business.
650 _aSocial media
_zUnited States
_xEconomic aspects.
710 _aSt. Martin’s Press,
_epublisher.
942 _2lcc
_cBK
999 _c368295
_d368295